បច្ចេកទេសដាំកៅស៊ូ (Record no. 77)
[ view plain ]
| 000 -LEADER | |
|---|---|
| fixed length control field | 00444nam a22001577a 4500 |
| 003 - CONTROL NUMBER IDENTIFIER | |
| control field | OSt |
| 005 - DATE AND TIME OF LATEST TRANSACTION | |
| control field | 20150906102014.0 |
| 008 - FIXED-LENGTH DATA ELEMENTS--GENERAL INFORMATION | |
| fixed length control field | 150906b xxu||||| |||| 00| 0 eng d |
| 040 ## - CATALOGING SOURCE | |
| Transcribing agency | RUA |
| 082 ## - DEWEY DECIMAL CLASSIFICATION NUMBER | |
| Classification number | AGR គង់ 1991 B004 Or.1 |
| 100 ## - MAIN ENTRY--PERSONAL NAME | |
| 9 (RLIN) | 82 |
| Personal name | គង់ គីសារិនតុង |
| 245 ## - TITLE STATEMENT | |
| Title | បច្ចេកទេសដាំកៅស៊ូ |
| 260 ## - PUBLICATION, DISTRIBUTION, ETC. (IMPRINT) | |
| Place of publication, distribution, etc. | Phnom Penh |
| Name of publisher, distributor, etc. | RUA |
| Date of publication, distribution, etc. | 1991 |
| 300 ## - PHYSICAL DESCRIPTION | |
| Extent | 54p. |
| Other physical details | ill. |
| Dimensions | 29cm. |
| 942 ## - ADDED ENTRY ELEMENTS (KOHA) | |
| Source of classification or shelving scheme | |
| Koha item type | AGR |
| Price effective from | Date last seen | Permanent Location | Not for loan | Date acquired | Source of classification or shelving scheme | Koha item type | Lost status | Withdrawn status | Date last checked out | Total Checkouts | Shelving location | Damaged status | Barcode | Current Location | Full call number |
|---|---|---|---|---|---|---|---|---|---|---|---|---|---|---|---|
| 2015-09-06 | 2015-09-06 | Library Block B | 2015-09-06 | AGR | B004 | RUA005953 | Library Block B | AGR គង់ 1991 B004 Or.1 | |||||||
| 2015-09-06 | 2016-04-19 | Library Block B | 2015-09-06 | AGR | 2016-03-10 | 1 | B004 | RUA003948 | Library Block B | AGR គង់ 1991 B004 Or.2 | |||||
| 2015-09-06 | 2015-09-06 | Library Block B | 2015-09-06 | AGR | B004 | RUA005761 | Library Block B | AGR គង់ 1991 B004 Or.3 | |||||||
| 2015-09-06 | 2015-09-06 | Library Block B | 2015-09-06 | AGR | B004 | RUA005921 | Library Block B | AGR គង់ 1991 B004 Or.4 | |||||||
| 2015-09-06 | 2016-06-06 | Library Block B | 2015-09-06 | AGR | 2016-05-19 | 2 | RUA004894 | Library Block B | AGR គង់ 1991 B004 Or.5 |